000 00402 a2200121 4500
005 20250628162451.0
020 _a0751717223
082 _a657.46AAT
245 _aTechnician Unit 18 Preparing Business Taxation Computations FA 2004: For Exams in JUNE 2005 and December 2005,
260 _aLondon,
_bBPP Professional Education,
_c2004.
300 _axxii, 470p,: ill.; figure
_bIndex
_c30cm
942 _2ddc
_cBKS
999 _c6111
_d6111